Informática médica / (Registro nro. 46)
[ vista simple ]
| 000 -LEADER | |
|---|---|
| fixed length control field | 00831 am a2200253 a 4500 |
| 005 - FECHA ULTIMA MODIFICACION | |
| control field | 20240627095304.0 |
| 008 - CAMPO DE CONTROL (LIBRO) | |
| fixed length control field | 100308s1998||||mx a f |||| 001 0 spa d |
| 020 ## - INTERNATIONAL STANDARD BOOK NUMBER | |
| ISBN | 9701015797 |
| 041 ## - CODIGO DE IDIOMA | |
| Código de idioma del texto/pista de sonido o título separado | spa |
| 092 ## - SIGNATURA TOPOGRAFICA DEWEY LOCAL | |
| número de clasificación | 610.0285 |
| libristica | 66 |
| sección | PED |
| 100 1# - ENTRADA PRINCIPAL--NOMBRE PERSONAL | |
| Nombre personal | Pedraza M., Luis. |
| 9 (RLIN) | 1543 |
| 245 ## - TITULO PROPIAMENTE DICHO | |
| Título | Informática médica / |
| Mención de responsabilidad y remanente de la transcripción de la portada | Luís Pedraza M. |
| 250 ## - MENCION DE EDICION | |
| Mención de edición | 1a ed. |
| 260 ## - PIE DE IMPRENTA | |
| Lugar de publicación, distribución, etc | México: |
| Nombre de la editorial, distribuidor, etc | McGraw-Hill Interamericana; |
| Fecha de publicación | 1998. |
| 300 ## - DESCRIPCION FISICA | |
| Extension | 418 p. |
| Otros detalles físicos | il. |
| 500 ## - NOTA GENERAL | |
| Nota general | Pedraza, M. L. (1998). Informática médica. (1a ed.). México : McGraw-Hill Interamericana. |
| 653 ## - TÉRMINO INDIZADO - PALABRAS CLAVES | |
| Palabra clave | Introducción a la informática médica |
| 653 ## - TÉRMINO INDIZADO - PALABRAS CLAVES | |
| Palabra clave | Productividad en PC |
| 653 ## - TÉRMINO INDIZADO - PALABRAS CLAVES | |
| Palabra clave | CD-ROM en medicina |
| 653 ## - TÉRMINO INDIZADO - PALABRAS CLAVES | |
| Palabra clave | Aplicaciones particulares para el médico |
| 653 ## - TÉRMINO INDIZADO - PALABRAS CLAVES | |
| Palabra clave | Telecomunicaciones y sus aplicaciones en la medicina |
| 930 ## - NUMERO DE INVENTARIO | |
| Número de inventario | 152 |
| 942 ## - ADDED ENTRY ELEMENTS (KOHA) | |
| Source of classification or shelving scheme | Dewey Decimal Classification |
| Item type | Libros |
| Estado de retiro | Existencia | Estado general | No para prestamo | Ubicación permanente | ubicación actual | Sala de ubicación | Fecha de adquisición | Total Checkouts | Número de clasificación | Código de barras | Date last seen | Número de ejemplar | Price effective from | Koha tipo de elemento (item) |
|---|---|---|---|---|---|---|---|---|---|---|---|---|---|---|
| Biblioteca Medicina | Biblioteca Medicina | Circulación | 13/05/2011 | 610.0285 66 PED | 152 | 06/11/2014 | ej.1 | 13/05/2011 | Libros |